|
|
|
|
| LEADER |
01285ncm a2200289 a 4500 |
| 001 |
000061297 |
| 003 |
CZ BrMZK |
| 005 |
20220919133938.0 |
| 008 |
960101s1994 xr f cze d |
| 040 |
|
|
|a BOA001
|b cze
|
| 080 |
|
|
|a 788.085.2
|2 MRF
|
| 100 |
1 |
|
|a Fuka, Vladimír,
|d 1920-1996
|7 xx0007262
|4 cmp
|
| 245 |
1 |
0 |
|a Bludička
|h [hudebnina] :
|b (píseň a tango)Jaro na Vysočině : (valčík) /
|c Vladimír Fuka ; slova Eva Matějíčková, Míla Cink, (M. Drdácký?).
|
| 246 |
3 |
1 |
|a Frühling im Hochland
|
| 246 |
3 |
1 |
|a Irrlichtige
|
| 260 |
|
|
|a Praha :
|b Bärenreiter Editio Supraphon,
|c 1994
|
| 300 |
|
|
|a řídící hlas (4 s.) +
|e 56 hlasů. ;
|c 15 x 21 cm
|
| 490 |
1 |
|
|a Česká a moravská dechovka ;
|v D 10
|
| 500 |
|
|
|a Náz též něm. - Textař 2. písně uv. odlišně na obalu a na partech
|
| 700 |
1 |
|
|a Drdácký, Miloš František,
|d 1905-1974
|7 mzk2011654248
|4 lyr
|
| 700 |
1 |
|
|a Matějíčková, Eva
|4 lyr
|
| 700 |
1 |
|
|a Cink, Míla,
|d 1909-
|7 ola200203636
|4 lyr
|
| 830 |
|
0 |
|a Česká a moravská dechovka
|
| 910 |
|
|
|a BOA001
|b Mus2-1018.017
|
| 990 |
|
|
|a MU
|
| 996 |
7 |
|
|b 2610033464
|c Mus2-1018.017
|l MZK
|r Sklad / do 1 hodiny
|n 2
|p p.v.
|w 000061297
|u 000010
|a 1
|e BOA001
|j MZK50
|s A
|
| 996 |
6 |
|
|b 2610037390
|c Mus2-1018.017
|l MZK
|r Sklad / do 1 hodiny
|n 0
|p p.v.
|w 000061297
|u 000020
|a 1
|e BOA001
|j MZK50
|s P
|